000 00587nam a2200169 a 4500
001 000006059
005 20240313133356.0
008 090826s2001 dr 001 0 spa d
040 _aDO-SdBNP
_bspa
_cBNPHU
100 1 _aPèrez Mèndez, Artagnan,
_d1929-2017
_977104
245 1 3 _aEl asesinato /
_cArtagnan Pérez Méndez ; presentación, Miguel Ángel Prestol.
260 _aSanto Domingo :
_bAmigo del Hogar,
_c2001.
300 _a64 p. ;
_c22 cm.
500 _aIncluye datos biográficos del autor
500 _aIncluye referencia bibliográficas
700 1 _aPrestol, Miguel Angel
_96419
999 _c5855
_d5855